| 000 | 00336cam a22001217a 4500 | ||
|---|---|---|---|
| 008 | 180718b1989 xxu||||| |||| 00| 0 eng d | ||
| 082 | _aQ931x54 R812 | ||
| 100 | _aRoy, J.G. | ||
| 245 |
_aPrisons and society: a study of the Indian jail system _cby J.G. Roy |
||
| 260 |
_aDelhi _bGian _c1989 |
||
| 300 | _a223p. | ||
| 650 | _aPrisons - India | ||
| 999 |
_c352897 _d352897 |
||